| 000 | 00822cam a2200241 a 4500 | ||
|---|---|---|---|
| 001 | 000011171 | ||
| 005 | 20200929162358.0 | ||
| 008 | 810815s1959 njua 000 0 eng | ||
| 040 |
_aDO-SdBNP _beng _cLC _dBNPHU |
||
| 060 | 0 |
_aWE 103 _bD983k 1959 |
|
| 082 |
_ann* _bD983k |
||
| 100 | 1 |
_aDuvall, Ellen Neall, _d1905- _926684 |
|
| 245 | 1 | 0 |
_aKinesiology : _bthe anatomy of motion / _cEllen Neall Duvall ; ilustración Helen Lorraine. |
| 260 |
_aEnglewood Cliffs, N. J. : _bPrentice-Hall, _c1959. |
||
| 300 |
_axi, 292 p. : _bil. ; _c24 cm. |
||
| 490 | 1 | _aPrentice-Hall Physical Education | |
| 650 | 4 |
_aLocomocion animal _926685 |
|
| 650 | 4 |
_aCinesiologia _926686 |
|
| 700 | 1 |
_aLorraine, Helen, _eill. _926687 |
|
| 830 | 0 |
_aPrentice-Hall Physical Education _926688 |
|
| 910 | _aCatalogación por copia / LC | ||
| 049 | _aBNGR | ||
| 999 |
_c10896 _d10896 |
||